| 000 | 00654cam a2200253 4500 | ||
|---|---|---|---|
| 008 | 090401t1976 xxu||||| |||| 00| 0 eng d | ||
| 020 | _a0117240869 | ||
| 035 | _a(Sirsi) u73474 | ||
| 041 | _aeng | ||
| 050 | _a690 | ||
| 110 | _aBuilding Research Establishment | ||
| 245 | _aHeat losses from dwellings | ||
| 260 |
_aLondon _bHMSO _c1976 |
||
| 300 | _a4p.; ill.; 30cm. | ||
| 350 | _a0 | ||
| 490 |
_aBRE Digest _v190 |
||
| 650 | _aENERGY CONSERVAITON | ||
| 650 | _aENERGY CONSUMPTION | ||
| 650 | _aHEAT LOSS | ||
| 650 | _aTHERMAL INSULATION | ||
| 690 | _aBUILDING AND CONSTRUCTION-ENERGY CONSERVATION | ||
| 942 | _n0 | ||
| 948 | _c04/03/1997 | ||
| 999 |
_c95608 _d95608 |
||